| 000 | 00000nam##2200000za#4500 |
| 001 | 9.691415 |
| 003 | CaOODSP |
| 005 | 20210624232745 |
| 007 | cr ||||||||||| |
| 008 | 150407|2007||||xxc|||||o f|0| 0 eng|d |
| 020 | |a978-1-100-10621-2 |
| 040 | |aCaOODSP|beng |
| 043 | |an-cn--- |
| 086 | 1 |aA52-114/2007E-PDF |
| 110 | 1 |aCanada.|bAgriculture and Agri-Food Canada. |bPest Management Centre. |
| 245 | 14|aThe Pesticide Risk Reduction Program |h[electronic resource] |
| 260 | |aOttawa - Ontario : |bAgriculture and Agri-Food Canada. |c[2007]. |
| 300 | |a2p.|btables |
| 590 | |a10-10-Supp|b2010-11-09 |
| 690 | 07|aAgri-food industry|2gcpds |
| 690 | 07|aApplied research|2gcpds |
| 690 | 07|aPesticides|2gcpds |
| 775 | 08|tProgramme de réduction des risques liés aux pesticides |w(CaOODSP)9.635746 |
| 856 | 40|ahttp://publications.gc.ca|qPDF|s1614 KB|uhttps://publications.gc.ca/collections/collection_2009/agr/A52-114-2007E.pdf |